Pracovné podmienky žien a matiek

Uložené v:
Podrobná bibliografia
Hlavný autor: Schvarzová, Mária
Médium: Kniha
Jazyk:Slovak
Vydavateľské údaje: Bratislava Práca 1989
Vydanie:1. vyd.
Edícia:Knižnica mzdových a pracovnoprávnych príručiek Zv.14/89
Tagy: Pridať tag
Žiadne tagy, Buďte prvý, kto otaguje tento záznam!

MARC

LEADER 00000nam a2200000 4500
001 c040674
005 20250117085816.9
041 0 |a slo 
044 |a SK 
245 1 0 |a Pracovné podmienky žien a matiek  |c Mária Schvarzová 
250 |a 1. vyd. 
264 1 |a Bratislava  |b Práca  |c 1989 
300 |a 166 s. 
490 1 |a Knižnica mzdových a pracovnoprávnych príručiek  |v Zv.14/89 
830 0 |a Knižnica mzdových a pracovnoprávnych príručiek  |v Zv.14/89 
100 1 |a Schvarzová, Mária